| 000 | 00542nam a22001817a 4500 | ||
|---|---|---|---|
| 003 | OSt | ||
| 005 | 20140310182334.0 | ||
| 008 | 130924t xxu||||| |||| 00| 0 eng d | ||
| 050 |
_aQL 706.2 _b.C78 1983 |
||
| 082 |
_aGS 599 _bCr88 1983 |
||
| 100 |
_aCrump, Donald J. _921518 |
||
| 245 |
_aCreatures small and furry / _cDonald J. Crump |
||
| 260 |
_a(S.L.) : _bThe national Geographic Society, _c1983. |
||
| 300 |
_a32 p. : _bcol. ill. ; _c28 cm. |
||
| 650 |
_aMammals _xJuvenile literature. _921519 |
||
| 942 |
_2lcc _cBK-GS |
||
| 999 |
_c12040 _d12040 |
||